Quattro Pro for Scientific and Engineering Spreadsheets /

Na minha lista:
Detalhes bibliográficos
Autor principal: Parks, Robert G (Author)
Formato: Livro
Idioma:inglês
Publicado em: New York : Springer Verlag, 1992
Tags: Adicionar Tag
Sem tags, seja o primeiro a adicionar uma tag!

MARC

LEADER 00000nam a22000003a 4500
001 stu20939
005 20150617225753.5
008 930104s1992----xxu-----------------eng-d
020 |a 0-387-97636-1 
040 |a STU  |b slo 
041 0 |a eng 
044 |a xxu 
080 |a 681.3.06 
100 1 |a Parks, Robert G  |4 aut 
245 1 |a Quattro Pro for Scientific and Engineering Spreadsheets /  |c [aut.]Parks,Robert G 
260 |a New York :  |b Springer Verlag,  |c 1992 
300 |a 110 s :  |b Tab.,index 
996 |b C90625  |c C*90625  |l CCVIIIB  |s P  |a 0  |w stu20939_0001